000 05321nam a2200409 a 4500
003 CHAP
005 20240612123746.0
007 ta
008 221123s2020 mx d|||fsm||| 001 0 spa d
040 _erda
041 _aspa
_beng
100 1 _9185729
_aChávez Matías, Fátima
240 _aCharacterization of the mezcal chain in Michoacán and tangible and intangible assessment aspects in consumers.
_lEspañol
245 1 0 _aCaracterización de la cadena mezcal en Michoacán y aspectos de valoración tangibles e intangibles en consumidores /
_cFátima Chávez Matías y Jazmín Sánchez Sosa
264 _aChapingo, México :
_bEl autor,
_c2020
300 _a1 recurso en línea (107 páginas) :
_bgráficas, diagramas, tablas
336 _2rdacontent
_atexto
_btxt
337 _2rdamedia
_acomputadora
_bc
338 _2rdacarrier
_arecurso en línea
_bcr
502 _aTesis
_bIA
_cAgroindustrias
_d2020
_gLIC
504 _aBibliográfía: páginas 103-107
520 3 _aEl mezcal, es una bebida alcohólica originaria del estado de Oaxaca (México), elaborada a partir de la destilación del zumo fermentado de varias especies de agave. Actualmente este producto cuenta con denominación de origen y una norma regulatoria orientada al cumplimiento de parámetros físicos y químicos. El objetivo del presente trabajo de investigación fue caracterizar la cadena agroindustrial del mezcal michoacano e identificar las rutas de influencia en la preferencia del mezcal y las comunalidades de significados que le otorgan los consumidores;se aplicó una encuesta a consumidoresmichoacanos(n = 200) para explorar la estructura de los valores humanos, las rutas de influencias, actitudes y significados; para la caracterización de la cadena se visitaron 5 vinatas y se aplicaron encuestas, además de las aplicación de encuestas también para consumidores.Para la caracterización se encontró que el nivel de integración de la cadena es de tipo vertical. El índice de adopción de innovaciones para producción primaria como para agroindustria se encuentran por arriba del 50%, con valores de 62% y 58% respectivamente, sugiriendo que la dinámica de adopción de innovación es notable y se deriva de su visión económica a largo plazo. La principal problemática de la red de valor se centra en los aspectos de infraestructura, rutas comerciales y certificaciones. La influencia de los valores humanos en el consumo del mezcal michoacano se da a través de la ruta indirecta, es decir, que los valores humanos de los consumidores de mezcal michoacano influyen en el consumo a través de los atributos tangibles, importando así el significado utilitario y no el significado afectivo o simbólico.
520 3 _aMezcal is an alcoholic beverage originating in the state of Oaxaca (Mexico), made from the distillation of the fermented juice of various species of agave. Currently this product has a designation of origin and a regulatory standard aimed at compliance with physical and chemical parameters. The objective of this research work was to characterize the agro-industrial chain of Michoacan mezcal and identify the routes of influence on the preference of mezcal and the communities of meanings that consumers give it; A survey of Michoacan consumers (n = 200) was applied to explore the structure of human values, the routes of influences, attitudes and meanings; for the characterization of the chain, 5 vinatas will be evaluated and surveys will be applied, in addition to the application of surveys also for consumers. For characterization it is found that the level of integration of the chain is vertical. The adoption rate of innovations for primary production and for agribusiness is above 50%, with values of 62% and 58% respectively, suggesting that the dynamics of innovation adoption is remarkable and derived from its long-term economic vision. The main problem of the value network focuses on the aspects of infrastructure, trade routes and certifications. The influence of human values on the consumption of Michoacán mezcal occurs through the indirect route, that is, that the human values of consumers of Michoacán mezcal influence consumption through tangible attributes, thus importing the utilitarian meaning and not the affective or symbolic meaning.
650 1 7 _975353
_aMezcal
_zMéxico
_zMichoacán
_2atg
650 1 7 _91069
_aAgave
_xDestilados
_2atg
650 1 3 _9185730
_aEncuestas al consumidor
_2atg
650 1 3 _91069
_aAgave
_xDistillates
_2atg
650 1 3 _9146806
_aBebidas alcohólicas
_xMejoramiento de productos
_2atg
650 1 3 _9185731
_aConsumer surveys
_2atg
650 1 3 _9160443
_aAlcoholic beverages
_xProduct improvement
_2atg
700 1 _9185733
_aSánchez Sosa, Jazmín
_eautora
700 1 _9147446
_aEspejel García, Anastacio
_edirector
700 1 _9148849
_aHernández Montes, Arturo
_easesor
700 1 _9185732
_aBecerra Rodríguez, Ariadna Isabel
_easesora
856 4 0 _yDESCARGAR PDF
_uhttp://10.13.5.2/tesis/tl/2020_IA_Chavez_Matias_Fatima-Sanchez_Sosa_Jazmin.pdf
942 _2Clasificación Universidad Autónoma Chapingo
_cTD
999 _c217859
_d217859